Normal view
MARC view
Entry Personal Name
001 - CONTROL NUMBER
- control field: 12997
003 - CONTROL NUMBER IDENTIFIER
- control field: BD-RjUL
005 - DATE AND TIME OF LATEST TRANSACTION
- control field: 20240514100113.0
008 - FIXED-LENGTH DATA ELEMENTS
- fixed length control field: 240514|| aca||aabn | a|a d
040 ## - CATALOGING SOURCE
- Original cataloging agency: BD-RjUL
- Transcribing agency: BD-RjUL
100 ## - HEADING--PERSONAL NAME
- Personal name: তাকী, এফ এম এ এইচ, গবেষণা তত্বাবধায়ক
670 ## - SOURCE DATA FOUND
- Source citation: Work cat.: (BD-RjUL)83735: হাসান, মেহেদী 12994, বাংলাদেশে ভোক্তা অধিকার সংরক্ষণে ইসলামি ক্রয়-বিক্রয় পদ্ধতি /, ২০২২